Lengua y lietratura; introducción a la lingüística y la teoría literaria /

Guardado en:
Autor Principal: Atorresi, Ana
Otros Autores: Bannon, Mara, Gándara, Santiago, Kornfeld, Laura
Formato: Libro
Publicado: Buenos Aires : Aique, 1999
Edición:2a. ed.
Materias:
Etiquetas: Agregar Etiqueta
Sin Etiquetas, Sea el primero en etiquetar este registro!
LEADER 01115nam a22002895a 4500
001 CEM.cems010349
005 20080228115507.0
008 130507s1999##################000#0#####d
003 CEMS
020 |a 9507015299 
082 0 4 |a Z468 
100 1 |a Atorresi, Ana 
245 1 0 |a Lengua y lietratura; introducción a la lingüística y la teoría literaria /  |c Ana Atorresi ... [et Al.] 
250 |a 2a. ed. 
260 |a Buenos Aires :  |b Aique,  |c 1999 
300 |a 192 p. 
500 |a Para Polimodal 
505 0 |a Para locuaces y callados: la lengua -- Palabras a dos voces: los textos dialógicos -- Palabras esclarecedoras: los textos explicativos -- Palabras persuasivas: los textos de opinión -- Para curiosos y soñadores: la literatura -- Palabras escogidas: la poesía -- Palabras entramadas: el cuento -- Bibliografía. 
653 |a Lengua 
653 |a Lengua-polimodal 
653 |a Textos 
653 |a Conversación 
653 |a Literatura 
700 1 |a Bannon, Mara 
700 1 |a Gándara, Santiago 
700 1 |a Kornfeld, Laura 
859 |a CEMS  |b BIB. CEMS - 11 de abril  |h Z468  |i At72a2  |p 20890.00  |t Ej.1